000 00245nam a2200097Ia 4500
001 709757
005 20250826162553.0
008 250824s9999 xx 000 0 und d
245 0 _aPEYGAMBERİMİZİN HAYATI
_cAHMET EFE
260 _bAKÇAĞ YAYINLARI
999 _c709757
_d709757